000 01124cam a22001934a 4500
005 20250605164116.0
008 250528s ||||||||||||||||||||||||d
035 _a18105
020 _a863773826
040 _aGR-AtMCL
_bgre
_dGR-AtMCL
_eAACR2
245 1 _aThe Psychology of Language / From Data to Theory
260 _bPsychology Press,
_c1996
300 _a482
520 _aLanguage occupies a central role in our lives. Psycholinguistics, the study of the psychology of language, explores how we speak, read, remember, learn and understand language. Preface, What is Language? What is Psycholinguistics?, The Speech System and Spoken Word Recognition, Visual Word Recognition, Word Pronunciation and Dyslexia, Syntax and Parsing, Semantics, Comprehension: Understanding and Remembering the Message, Speech Production and Aphasia, The Structure of the Language System, Language and Thought and the Precursors of Language, Language Development, New Directions, Appendix: Connectionism, References, Author and Subject Index.
700 1 _aHarley Trevor A
_94395
942 _cBK
999 _c3489
_d3489